Social theory today / (Record no. 172145)

MARC details
000 -LEADER
campo de control de longitud fija 00669nam a22002175i 4500
001 - NÚMERO DE CONTROL
campo de control 172145
003 - IDENTIFICADOR DE NÚMERO DE CONTROL
campo de control ES-MaACL
005 - FECHA Y HORA DE LA ÚLTIMA TRANSACCIÓN
campo de control 20250805062616.0
008 - DATOS DE LONGITUD FIJA--INFORMACIÓN GENERAL
campo de control de longitud fija 090616s1987 xxk |||| | eng d
020 ## - NÚMERO INTERNACIONAL ESTÁNDAR DEL LIBRO
Número Internacional Estándar del Libro 0-7456-0210-X
080 ## - NÚMERO DE LA CLASIFICACIÓN DECIMAL UNIVERSAL
Número de la Clasificación Decimal Universal 316
245 00 - MENCIÓN DEL TÍTULO
Título Social theory today /
Mención de responsabilidad, etc. edited by Anthony Giddens and Jonathan H. Turner.
260 ## - PUBLICACIÓN, DISTRIBUCIÓN, ETC.
Lugar de publicación, distribución, etc. Cambridge :
Nombre del editor, distribuidor, etc. Polity Press ;
Lugar de publicación, distribución, etc. Oxford :
Nombre del editor, distribuidor, etc. Basil Blackwell,
Fecha de publicación, distribución, etc. 1987.
300 ## - DESCRIPCIÓN FÍSICA
Extensión 428 p. ;
Dimensiones 24 cm.
504 ## - NOTA DE BIBLIOGRAFÍA, ETC.
Nota de bibliografía, etc. Bibliografía.
650 17 - PUNTO DE ACCESO ADICIONAL DE MATERIA--TÉRMINO DE MATERIA
Término de materia o nombre geográfico como elemento de entrada Sociología
Fuente del encabezamiento o término embne
9 (RLIN) 17195
700 1# - ENTRADA AGREGADA--NOMBRE PERSONAL
Nombre de persona Giddens, Anthony.
9 (RLIN) 56672
700 0# - ENTRADA AGREGADA--NOMBRE PERSONAL
Nombre de persona Turner, Jonathan H.
9 (RLIN) 111738
852 ## - LOCALIZACIÓN
Ubicación ES-MaACL
Número de control de estantería G-6999
itemnumber R.114371
Holdings
Estatus retirado Estado de pérdida Estado de daño No para préstamo Biblioteca de origen Biblioteca actual Ubicación en estantería Fecha de adquisición Fuente de adquisición Total de préstamos Signatura topográfica completa Código de barras Visto por última vez Precio de reemplazo Tipo de ítem Koha
        Biblioteca del Ateneo de Madrid Biblioteca del Ateneo de Madrid Depósito 2 16/06/2009     G-6999 1180652 23/02/2023 23/02/2023 Libro impreso